000 002700000a22000970004500
100 1 _aEshel, Hanan
245 1 0 _aIsaiah 8:23 : An historical -- geographical analogy
300 _aVol. 40, Num. 1 (Enero, 1990), Páginas 104-109
773 0 _tVetus Testamentum
942 _cANA
999 _c57611
_d57611